Los dos luises y otros ensayos

Saved in:
Bibliographic Details
Main Author: Azorín Martínez Ruiz, José (autor)
Format: Book
Language:Spanish
Published: Buenos Aires Espasa-Calpe 1944
Series:Colección Austral
Subjects:
Tags: Add Tag
No Tags, Be the first to tag this record!

MARC

LEADER 00000nam a2200000 a 4500
001 UCY8329
003 CL-VaPUC
008 950703e19440000AG |||||||||||||||||spa|d
082 0 4 |a 864  |b AZO  |2 21 
100 |a Azorín  |e autor  |q Martínez Ruiz, José  |9 863023 
245 1 4 |a Los dos luises y otros ensayos 
300 |a 153 p 
942 |c BK 
945 |d 19950703 00:00:00  |a rbrito 
260 |a Buenos Aires  |b Espasa-Calpe  |c 1944 
650 0 |a Ensayos españoles  |9 313128 
583 |a last modification  |c 19950703 00:00:00  |k Rodrigo Vera 
490 0 |a Colección Austral 
999 |c 235597  |d 235595 
952 |0 0  |1 0  |4 0  |6 864_000000000000000_AZO_1944  |7 0  |8 A  |9 243127  |a BIBEDU  |b BIBEDU  |d 2019-11-18  |i 310124K  |o 864 AZO 1944  |p 310124K  |r 2019-11-18  |w 2019-11-18  |y BK  |k LIT